| 000 | 00425nam a2200157Ia 4500 | ||
|---|---|---|---|
| 008 | 210716s2007 xx 000 0 und d | ||
| 020 | _a9788173198410 | ||
| 041 | _aeng | ||
| 082 | _a004 DALN | ||
| 100 | _aDale Nell;Lewis John. | ||
| 245 | _aComputer science illuminated. | ||
| 250 | _a3 | ||
| 260 |
_aNew Delhi _bNarosa Publishing House _c2007 |
||
| 300 | _aXIX,636,1 | ||
| 650 | _aData processing, Computer science(004) | ||
| 999 |
_c188864 _d188864 |
||